000 00828nam a2200217Ia 4500
003 Ost
005 20260507075045.0
008 260507s9999||||xx |||||||||||||| ||und||
020 _a9957112848
040 _cfsecg
041 _aara
082 _a330
100 _aالدسوقي، عبد السميع
_eمؤلف
245 0 _aأساسيات المحاسبة /
_c عبد السميع الدسوقي
260 _aعمان:
_bدار وائل للطباعة والنشر,
_c2002
300 _a336 صفحة؛
_bإيضاحات ؛
_c24 سم
520 _aالتنظيم المحاسبي، إعداد القوائم المالية للمشروعات الفردية، التسويات الجردية، تطبيقات متنوعة
653 _aالمحاسبة
653 _aالمحاسبة المالية
942 _cكتاب
999 _c42552
_d42552